000 00932nam a2200217 a 4500
001 BRCA_1957
008 810403s1992 mx-a---###---#000-0#spa-#
040 _aDLC
_cCarP
_dDLC
050 4 _aF1386
_b.P85 1992
100 1 _aPuig Casauranc, José M.
_96010
245 1 0 _aAtlas general del Distrito Federal
_cobra formada en 1929 por orden del jefe de Departamento Central José Manuel Puig Casauranc.
260 _aMéxico
_bCONDUMEX
_c1992
300 _a2 v.
_bil. (algunas a color)
_c35 cm.
500 _aEste libro incluye los dos volúmenes
500 _aFacsímil de : México, 1930
500 _aReimpresión de la edición de GRUPO CONDUMEX, México, 1991
505 0 _aContenido : v.1-2. Geográfico, histórico, comercial, estadístico, agrario. Su descripción más completa, profusamente ilustrada con mapas, fotografías y gráficas
651 4 _aMéxico (Ciudad)
_vAtlas
_xMapas
_96011
902 _aREF
942 _2lcc
_cB
999 _c1727
_d1727